|
|
แสดงรายละเอียดบรรณานุกรม |
|
|
Brief Record
: Get Marc (ISO 2709)
: E-mail record
: |
|
|
|
| LEADER 00000nam 2200000uu 4500 | |||
| 001 209577 | |||
| 003 ULIBM | |||
| 008 140404s2556||||th 000 0 tha d | |||
| 020 ^a9786169070122 | |||
| 040 ^abcnkk | |||
| 041 0 ^atha | |||
| 050 4 ^aPE1130.T45^bพ167g 2556 | |||
| 100 0 ^aพจนีย์ เมืองศิลปศาสตร์ | |||
| 245 10 ^aGrammar ไม่น่าเบื่อ /^cพจนีย์ เมืองศิลปศาสตร์ | |||
| 250 ^aพิมพ์ครั้งที่ 13 | |||
| 260 ^aกรุงเทพฯ :^bพราว,^c2556 | |||
| 300 ^a414 หน้า :^bภาพประกอบ ;^c22 ซม. | |||
| 650 0 ^aEnglish language^xGrammar | |||
| 650 4 ^aภาษาอังกฤษ^xการใช้ภาษา | |||
| 999 ^aใช้งานได้ทุกระบบ | |||
| คุณยังไม่ได้ล็อกอิน คุณสามารถมีกิจกรรมร่วมกับเว็บไซต์ได้ แต่ต้องล็อกอินก่อน :: |
|
| สถานะ | |||||||||
| 1. | หนังสือทั่วไป | PE1130.T45 พ167g 2556 | On Shelf ขอยืม | ||||||
| Note:ปีงบประมาณ2557 | |||||||||
| 2. | หนังสือทั่วไป | PE1130.T45 พ167g 2556 ฉ.2 | On Shelf ขอยืม | ||||||
| Note:ปีงบประมาณ2557 | |||||||||
| 3. | หนังสือทั่วไป | PE1130.T45 พ167g 2556 ฉ.3 | On Shelf ขอยืม | ||||||
| Note:ปีงบประมาณ2557 | |||||||||
| 4. | หนังสือทั่วไป | PE1130.T45 พ167g 2556 ฉ.4 | On Shelf ขอยืม | ||||||
| Note:ปีงบประมาณ2557 | |||||||||
| 5. | หนังสือทั่วไป | PE1130.T45 พ167g 2556 ฉ.5 | On Shelf ขอยืม | ||||||
| Note:ปีงบประมาณ2557 | |||||||||
| [แสดง 5/5 รายการ] | |||||||||
| รายการใกล้เคียง หัวเรื่อง [English language Grammar]
|
BibComment |
| คอมเมนท์ทรัพยากรรายการนี้ |
|
|